00537nmm a2200169Ia 4500008004100000020001800041041000800059100002700067245007100094264005800165300001800223490002200241650002900263856005100292942000700343999001700350251105s9999||||xx |||||||||||||||||und|| a9788484896487 aspa aMecke, Jochen (coord.) 0aDiscursos del 98 :b Albores españoles de una modernidad europea a[Madrid, España] :bIberoamericana Vervuert, c2012 a442 páginas a--Sin Colección aHistory of Europe: Spain uhttps://public.digitaliapublishing.com/a/18447 cCF c86720d86720